[Event "Santpedor op 5th"]
[Site "Santpedor"]
[Date "2001.??.??"]
[Round "2"]
[White "Teixido Pellejero, Jordi"]
[Black "Ruiz Saiz, Daniel"]
[Result "0-1"]
[WhiteElo "1820"]
[BlackElo "2030"]
[PlyCount "68"]
[EventDate "2001.09.14"]
[EventType "swiss"]
[EventRounds "7"]
[EventCountry "ESP"]
[SourceTitle "EXT 2003"]
[Source "ChessBase"]
[SourceDate "2002.11.25"]
[SourceVersion "1"]
[SourceVersionDate "2002.11.25"]
[SourceQuality "1"]

1. e4 c5 2. Nf3 d6 3. d4 cxd4 4. Nxd4 Nf6 5. Nc3 g6 6. Be3 Bg7 7. Bc4 0-0 8. Qd2 Ng4 9. f3 Nxe3 10. Qxe3 Qb6 11. 0-0-0 Nc6 12. Nce2 Nxd4 13. Nxd4 e5 14. c3 exd4 15. cxd4 Be6 16. Bxe6 fxe6 17. Qd3 Rac8+ 18. Kb1 Rc7 19. Rd2 Rfc8 20. Qb3 Qxb3 21. axb3 Bh6 22. Rf2 Rc1+ 23. Rxc1 Rxc1+ 24. Ka2 Be3 25. Re2 Bxd4 26. Rd2 e5 27. b4 Kf7 28. Kb3 Ke6 29. Rc2 Rxc2 30. Kxc2 b5 31. b3 h5 32. Kd3 d5 33. h3 dxe4+ 34. fxe4 Kf6 0-1